00611nam a2200121Ia 4500001000700000008004100007100003700048245018800085260003200273300001500305502007500320650009400395Z_5462220601s9999 xx 000 0 und d aHerrera Monsalvo, Carlos Delfino aEvaluación del comportamiento productivo y reproductivo de vacas Holstein con diferentes características productivas asignadas al mismo régimen / Carlos Delfino Herrera Monsalvo aChapingo, Méx. : El autor a82 h.82 h. aTesis (Ing. Agr. Esp. en Zootecnia) -- UACH. Departamento de Zootecnia a1. Ganado Holstein 2. Ganado lechero - Reproducción 3. Ganado lechero - ProducciónÌ